[Event "DEM U12 2012"]
[Site "Oberhof GER"]
[Date "2012.05.27"]
[Round "2"]
[White "Schluckner, Paul-Leopold"]
[Black "Hesse, Henrik"]
[Result "1-0"]
[Termination "normal"]
[Board "35"]
[WhiteElo "1110"]
[BlackElo "1489"]
[PlyCount "117"]
[WhiteFideId "12952168"]
[BlackFideId "12952060"]
[EventCountry "GER"]
[EventRounds "11"]
[EventType "swiss"]
[EventDate "2012.05.26"]

1. e4 e5 2. Nf3 Nf6 3. Nc3 Nc6 4. Bc4 Bb4 5. d3 d6 6. O-O O-O 7. Bg5 Bxc3 8.
bxc3 Be6 9. Bb3 h6 10. Bh4 a5 11. a4 Na7 12. h3 c6 13. Nh2 b5 14. Qf3 Kh7 15.
Rfe1 bxa4 16. Rxa4 Nb5 17. c4 Nd4 18. Qg3 Nh5 19. Bxd8 Nxg3 20. fxg3 Rfxd8 21.
Nf3 c5 22. Nxd4 cxd4 23. Rea1 Rdc8 24. Rxa5 Rab8 25. Ra6 Rd8 26. R1a5 f6 27.
Rc6 Bc8 28. g4 Kg6 29. Kf2 Kh7 30. Ra7 Be6 31. Rcc7 Rg8 32. Kg3 Ra8 33. Re7
Rxa7 34. Rxa7 Rd8 35. Ra6 Kg6 36. Ba4 Bg8 37. Kh4 Kh7 38. Bc6 g5+ 39. Kg3 Kg6
40. Ra7 Bf7 41. Kf3 Rc8 42. Bb5 Rd8 43. g3 Kg7 44. Bc6 Kg8 45. Ke2 Kf8 46. Kd2
Kg8 47. c3 Rc8 48. Bb5 dxc3+ 49. Kxc3 Be8 50. Bxe8 Rxe8 51. Rd7 Re6 52. Kb4 Kf8
53. Kb5 Ke8 54. Rh7 Kf8 55. Kc6 Re8 56. Kd7 Kg8 57. Kxe8 Kxh7 58. Ke7 Kg7 59.
Kxd6 1-0

[Event "DEM U12 2012"]
[Site "Oberhof GER"]
[Date "2012.05.27"]
[Round "2"]
[White "Ott, Josef Sebastian"]
[Black "Gericke, Nicholas"]
[Result "1-0"]
[Termination "normal"]
[Board "36"]
[WhiteElo "1478"]
[BlackElo "1188"]
[PlyCount "51"]
[WhiteFideId "12952079"]
[BlackFideId "12952141"]
[EventCountry "GER"]
[EventRounds "11"]
[EventType "swiss"]
[EventDate "2012.05.26"]

1. e4 e5 2. Nf3 Nc6 3. Bc4 Bc5 4. c3 Nf6 5. d3 h6 6. Nbd2 d6 7. O-O Bg4 8. h3
Bh5 9. Re1 O-O 10. Nf1 Re8 11. Ng3 Bg6 12. Bb3 d5 13. Qe2 dxe4 14. dxe4 Qe7 15.
Nh4 Bh7 16. Ngf5 Bxf5 17. Nxf5 Qd7 18. Rd1 Bd6 19. Qf3 Kh7 20. Nxh6 Rf8 21. Nf5
g6 22. Nxd6 cxd6 23. Qxf6 Qd8 24. Rxd6 Qxf6 25. Rxf6 Kg7 26. Rd6 1-0

[Event "DEM U12 2012"]
[Site "Oberhof GER"]
[Date "2012.05.27"]
[Round "2"]
[White "Reimers, Kim"]
[Black "Hacklinger, Dilan"]
[Result "1-0"]
[Termination "normal"]
[Board "37"]
[WhiteElo "1473"]
[BlackElo "1151"]
[PlyCount "23"]
[WhiteFideId "12930377"]
[BlackFideId "12952150"]
[EventCountry "GER"]
[EventRounds "11"]
[EventType "swiss"]
[EventDate "2012.05.26"]

1. e4 e5 2. Nf3 Nc6 3. d4 exd4 4. Nxd4 Qh4 5. Nc3 Bb4 6. Be3 Qxe4 7. Qd2 Bxc3
8. Qxc3 Nf6 9. O-O-O O-O 10. Bd3 Qxg2 11. Rdg1 Qh3 12. Nf5 1-0

[Event "DEM U12 2012"]
[Site "Oberhof GER"]
[Date "2012.05.27"]
[Round "2"]
[White "Vuckovic, Zarko"]
[Black "Schamber, Dennis"]
[Result "1-0"]
[Termination "normal"]
[Board "39"]
[WhiteElo "1458"]
[BlackElo "1108"]
[PlyCount "59"]
[WhiteFideId "12952087"]
[BlackFideId "12952176"]
[EventCountry "GER"]
[EventRounds "11"]
[EventType "swiss"]
[EventDate "2012.05.26"]

1. e4 c5 2. Nc3 d6 3. g3 Nf6 4. Bg2 a6 5. d3 e6 6. Be3 Be7 7. h3 O-O 8. f4 d5
9. Nce2 dxe4 10. dxe4 Qxd1+ 11. Rxd1 Nc6 12. e5 Nd7 13. Bxc6 bxc6 14. Nf3 Rb8
15. Bc1 f6 16. exf6 Nxf6 17. O-O Nd5 18. c3 Bd6 19. c4 Bxf4 20. Nxf4 Nb4 21. a3
Na2 22. Rf2 Nxc1 23. Rxc1 Rb7 24. Ne5 Rb3 25. Nfd3 Rd8 26. Rc3 Rxc3 27. bxc3
Bb7 28. Rf7 Rxd3 29. Rxb7 Rxg3+ 30. Kf2 1-0

[Event "DEM U12 2012"]
[Site "Oberhof GER"]
[Date "2012.05.27"]
[Round "2"]
[White "Kolchugina, Lada"]
[Black "Özkan, Afet-Ekin"]
[Result "0-1"]
[Termination "normal"]
[Board "41"]
[WhiteElo "1074"]
[BlackElo "1406"]
[PlyCount "106"]
[WhiteFideId "12929743"]
[BlackFideId "12952117"]
[EventCountry "GER"]
[EventRounds "11"]
[EventType "swiss"]
[EventDate "2012.05.26"]

1. e4 d6 2. d4 g6 3. Nf3 Bg7 4. Nc3 Nf6 5. Bc4 O-O 6. O-O c6 7. d5 b5 8. Bb3 b4
9. Ne2 Nxe4 10. Ba4 Nc5 11. Bxc6 Nxc6 12. dxc6 Qb6 13. Ned4 e5 14. Ne2 Qxc6 15.
Re1 Bb7 16. c3 bxc3 17. Nxc3 Rad8 18. b4 Ne6 19. a4 Qxc3 20. Bd2 Qc7 21. Rc1
Qd7 22. b5 Nc5 23. Ba5 Rc8 24. h3 e4 25. Ng5 h6 26. Bb4 Nd3 27. Rxc8 Rxc8 28.
Rxe4 Rc1 29. Qxc1 Nxc1 30. Rc4 hxg5 31. Rxc1 Qf5 32. Bxd6 Qd5 33. f3 Qxd6 34.
a5 Qb4 35. a6 Qxb5 36. axb7 Qxb7 37. Rd1 a5 38. Rd8+ Kh7 39. Rd2 a4 40. Ra2
Qb1+ 41. Kh2 Qxa2 42. Kg3 Be5+ 43. f4 Bxf4+ 44. Kf3 Qa3+ 45. Ke4 Qe3+ 46. Kd5
a3 47. g4 a2 48. h4 a1=Q 49. hxg5 Qd1+ 50. Kc4 Qec1+ 51. Kb4 Qd6+ 52. Kb5 Qb8+
53. Ka5 Qa1# 0-1

[Event "DEM U12 2012"]
[Site "Oberhof GER"]
[Date "2012.05.27"]
[Round "2"]
[White "Zimmer, Luca"]
[Black "Wallat, Jessica"]
[Result "1/2-1/2"]
[Termination "normal"]
[Board "42"]
[WhiteElo "1051"]
[BlackElo "1596"]
[PlyCount "106"]
[WhiteFideId "12921424"]
[BlackFideId "12909637"]
[EventCountry "GER"]
[EventRounds "11"]
[EventType "swiss"]
[EventDate "2012.05.26"]

1. e4 e5 2. Nf3 Nc6 3. Bc4 Bc5 4. c3 Nf6 5. d4 exd4 6. cxd4 Bb4+ 7. Nc3 Nxe4 8.
O-O Bxc3 9. bxc3 d5 10. Bb5 O-O 11. Qc2 a6 12. Bd3 Re8 13. Re1 f5 14. Bf4 h6
15. Rad1 Be6 16. Ne5 Nxe5 17. Bxe5 Qd7 18. f3 Nd6 19. Bxd6 cxd6 20. Rd2 Rac8
21. Qb3 Bf7 22. Rb1 b5 23. Qc2 Be6 24. Re2 g6 25. Rf1 b4 26. Qb1 Rxc3 27. f4 a5
28. Rf3 Rec8 29. Re1 Kf7 30. Qb2 Re8 31. Qe2 Qc8 32. Ba6 Qc7 33. Bb5 Re7 34.
Bd3 Rc1 35. Re3 Rxe1+ 36. Qxe1 Qd7 37. h3 Qa4 38. Qe2 b3 39. axb3 Qxd4 40. Qf2
Qc5 41. Kh2 Bd7 42. Rxe7+ Kxe7 43. Qh4+ Kf7 44. Qxh6 Qd4 45. Qh7+ Qg7 46. Qh4
Be6 47. Bb5 d4 48. Bd3 Bxb3 49. Qd8 Qf6 50. Qxa5 Qe6 51. Qb4 Qd5 52. Kg3 Kf6
53. Kh4 Bd1 1/2-1/2

[Event "DEM U12 2012"]
[Site "Oberhof GER"]
[Date "2012.05.27"]
[Round "2"]
[White "Killgus, Leonard"]
[Black "Peters, Theresa"]
[Result "1-0"]
[Termination "normal"]
[Board "43"]
[WhiteElo "1374"]
[BlackElo "1070"]
[PlyCount "29"]
[WhiteFideId "12922021"]
[BlackFideId "12952192"]
[EventCountry "GER"]
[EventRounds "11"]
[EventType "swiss"]
[EventDate "2012.05.26"]

1. e4 c6 2. d4 d5 3. Nd2 dxe4 4. Nxe4 Bf5 5. Ng3 Bg6 6. Nf3 e6 7. Bd3 Bxd3 8.
Qxd3 Nd7 9. O-O Qc7 10. Qe2 O-O-O 11. c4 Ne7 12. Ng5 Rg8 13. Nxf7 Re8 14. Qxe6
g6 15. Nd6+ 1-0

[Event "DEM U12 2012"]
[Site "Oberhof GER"]
[Date "2012.05.27"]
[Round "2"]
[White "ter Stal, Esther"]
[Black "Shevelko, Alexander"]
[Result "1-0"]
[Termination "normal"]
[Board "44"]
[WhiteElo "984"]
[BlackElo "1373"]
[PlyCount "79"]
[WhiteFideId "12944467"]
[BlackFideId "12952125"]
[EventCountry "GER"]
[EventRounds "11"]
[EventType "swiss"]
[EventDate "2012.05.26"]

1. d4 d5 2. Nf3 Nf6 3. e3 Bg4 4. h3 Bh5 5. g4 Bg6 6. Ne5 Nbd7 7. h4 h6 8. Nxg6
fxg6 9. Bd3 Kf7 10. Rg1 Qe8 11. g5 Nh7 12. Qf3+ Ke6 13. Nc3 Nb6 14. Qg4+ Kd6
15. Nb5+ Qxb5 16. Bxb5 c6 17. Bd3 h5 18. Qf4+ Kd7 19. Bxg6 e6 20. Qf7+ Be7 21.
Qf3 Raf8 22. Qe2 Nc4 23. Bxh7 Rxh7 24. b3 Nd6 25. Ba3 Nf5 26. Bxe7 Kxe7 27. Rh1
g6 28. c4 Rhf7 29. O-O-O Ng3 30. fxg3 Rf2 31. Qd3 Rxa2 32. Rhf1 Rg8 33. cxd5
cxd5 34. Rd2 Ra1+ 35. Kb2 Ra6 36. Qb5 Rb6 37. Qc5+ Rd6 38. Qc7+ Rd7 39. Rf7+
Kxf7 40. Qxd7+ 1-0

[Event "DEM U12 2012"]
[Site "Oberhof GER"]
[Date "2012.05.27"]
[Round "2"]
[White "Walker, Julia"]
[Black "Schulz, Theresa Charlotte"]
[Result "1-0"]
[Termination "normal"]
[Board "45"]
[WhiteElo "1370"]
[BlackElo "1011"]
[PlyCount "101"]
[WhiteFideId "1271852"]
[BlackFideId "12952206"]
[EventCountry "GER"]
[EventRounds "11"]
[EventType "swiss"]
[EventDate "2012.05.26"]

1. e4 e5 2. Nf3 Nc6 3. d4 exd4 4. Bc4 Nf6 5. e5 d5 6. Bb5 Ne4 7. Nxd4 Be7 8.
Bxc6+ bxc6 9. c3 Bc5 10. Be3 Qe7 11. Nf3 Bg4 12. O-O Bxf3 13. Qxf3 Qxe5 14. Re1
Bxe3 15. Rxe3 O-O 16. c4 Qd4 17. Qe2 Rab8 18. Nc3 Nxc3 19. Rxc3 Rfe8 20. Qc2
Qe5 21. h3 d4 22. Rd3 Re6 23. b3 Rbe8 24. Qd2 c5 25. Qa5 Qd6 26. Rad1 a6 27. g3
Rh6 28. h4 Rg6 29. b4 Qb6 30. Qxc5 Qxc5 31. bxc5 Re5 32. Rxd4 h6 33. Rd5 Rxd5
34. cxd5 c6 35. d6 f5 36. d7 f4 37. d8=Q+ Kh7 38. Rd6 fxg3 39. Rxg6 Kxg6 40.
Qd6+ Kh7 41. Qxg3 a5 42. Qd3+ Kg8 43. Qd6 a4 44. Qxc6 a3 45. Qe8+ Kh7 46. c6 g5
47. hxg5 hxg5 48. c7 g4 49. c8=Q g3 50. Qg8+ Kh6 51. Qh3# 1-0

[Event "DEM U12 2012"]
[Site "Oberhof GER"]
[Date "2012.05.27"]
[Round "2"]
[White "Lohrmann, Tabea"]
[Black "Kummer, Birte"]
[Result "0-1"]
[Termination "normal"]
[Board "46"]
[WhiteElo "1339"]
[BlackElo "963"]
[PlyCount "94"]
[WhiteFideId "12911941"]
[BlackFideId "12952214"]
[EventCountry "GER"]
[EventRounds "11"]
[EventType "swiss"]
[EventDate "2012.05.26"]

1. e4 e5 2. Nf3 d6 3. Bc4 Be7 4. Nc3 Nf6 5. d3 O-O 6. Bg5 c6 7. Bxf6 Bxf6 8.
O-O b5 9. Bb3 Re8 10. d4 Na6 11. dxe5 Bxe5 12. Nxe5 Rxe5 13. Qf3 Qe7 14. Rad1
Be6 15. Bxe6 Qxe6 16. Rd3 Nc5 17. Re3 b4 18. Ne2 Rxe4 19. Rxe4 Qxe4 20. Qxe4
Nxe4 21. f3 Nf6 22. Rd1 d5 23. Kf2 a5 24. Nf4 g5 25. Nd3 Nd7 26. Re1 Kf8 27.
Ne5 Nb8 28. Ke3 c5 29. f4 f6 30. Ng4 Nd7 31. fxg5 Re8+ 32. Kf2 Rxe1 33. Kxe1
fxg5 34. Ke2 h5 35. Ne3 Nf6 36. h3 Kf7 37. Kf3 Ke6 38. g4 h4 39. Nf5 Ne4 40.
Ne3 Nd2+ 41. Ke2 Nc4 42. Nd1 Ke5 43. Kf3 d4 44. b3 Nd2+ 45. Ke2 Ne4 46. Kf3 Nc3
47. Nxc3 bxc3 0-1

[Event "DEM U12 2012"]
[Site "Oberhof GER"]
[Date "2012.05.27"]
[Round "2"]
[White "Frank, Kamila"]
[Black "Ley, Sabrina"]
[Result "0-1"]
[Termination "normal"]
[Board "47"]
[WhiteElo "932"]
[BlackElo "1334"]
[PlyCount "110"]
[WhiteFideId "12952222"]
[BlackFideId "12938130"]
[EventCountry "GER"]
[EventRounds "11"]
[EventType "swiss"]
[EventDate "2012.05.26"]

1. e4 c5 2. Nf3 Nc6 3. d4 cxd4 4. Nxd4 e5 5. Nxc6 bxc6 6. Nc3 Nf6 7. Bc4 Bc5 8.
O-O O-O 9. Be3 Bb6 10. Qd6 Bc7 11. Qa3 a5 12. f4 d5 13. Rad1 exf4 14. Bxf4 Bxf4
15. Rxf4 Qb6+ 16. Kh1 dxc4 17. Rdf1 Be6 18. Qd6 Rad8 19. Qe5 Qxb2 20. R1f3 h6
21. h3 Nd7 22. Qh5 Qb8 23. Ne2 Qe5 24. Qh4 Qg5 25. Qf2 Qe7 26. Nd4 Ne5 27. Rg3
g5 28. Nf5 Bxf5 29. Rxf5 Ng6 30. Qe2 Qd6 31. e5 Qd1+ 32. Qxd1 Rxd1+ 33. Kh2 Re1
34. Rc3 Nxe5 35. Rf6 Kg7 36. Rd6 Rb8 37. Kg3 Rb2 38. h4 gxh4+ 39. Kxh4 Re2 40.
Rg3+ Ng6+ 41. Kh5 Re5+ 42. Kg4 Rg5+ 43. Kf3 Nh4+ 44. Kf2 Rxg3 45. Kxg3 Nf5+ 46.
Kf4 Nxd6 47. Ke5 Nb5 48. a4 Rxc2 49. axb5 cxb5 50. Kd5 Rd2+ 51. Kc5 c3 52. Kxb5
c2 53. Kxa5 c1=Q 54. Kb6 Rb2+ 55. Ka7 Qa1# 0-1

[Event "DEM U12 2012"]
[Site "Oberhof GER"]
[Date "2012.05.27"]
[Round "2"]
[White "Friedrich, Laura"]
[Black "Cejda, Cecilia"]
[Result "0-1"]
[Termination "normal"]
[Board "48"]
[WhiteElo "840"]
[BlackElo "1330"]
[PlyCount "102"]
[WhiteFideId "12952249"]
[BlackFideId "12921122"]
[EventCountry "GER"]
[EventRounds "11"]
[EventType "swiss"]
[EventDate "2012.05.26"]

1. e4 e5 2. Nf3 Nc6 3. Bb5 Bc5 4. Nc3 a6 5. Bxc6 bxc6 6. Nxe5 Qg5 7. d4 Qxg2 8.
Rf1 Bb4 9. Nxf7 Kxf7 10. Qh5+ g6 11. Qh4 Nf6 12. Bg5 Qxe4+ 13. Qxe4 Nxe4 14.
Bd2 Bxc3 15. Bxc3 Re8 16. O-O-O Nxc3 17. bxc3 d6 18. Rfe1 Rxe1 19. Rxe1 Be6 20.
Kb1 Re8 21. d5 cxd5 22. f4 d4 23. cxd4 Bxa2+ 24. Kxa2 Rxe1 25. h4 Rf1 26. f5
Rxf5 27. c4 Rf4 28. c5 Rxh4 29. cxd6 cxd6 30. d5 g5 31. Kb2 g4 32. Kc2 g3 33.
Kd2 g2 34. Ke2 g1=Q 35. Kf3 Qg3+ 36. Kxg3 Rd4 37. Kf3 a5 38. Ke3 Rxd5 39. Ke4
Rb5 40. Kd3 a4 41. Kc4 Rb8 42. Kc3 a3 43. Kc2 a2 44. Kd3 a1=Q 45. Kc4 Qc1+ 46.
Kd5 Rb2 47. Ke4 Rd2 48. Kf5 Qe1 49. Kf4 Rf2+ 50. Kg3 Qg1+ 51. Kh3 Rh2# 0-1

[Event "DEM U12 2012"]
[Site "Oberhof GER"]
[Date "2012.05.27"]
[Round "2"]
[White "Schröder, Janina"]
[Black "Christiansen, Anna"]
[Result "0-1"]
[Termination "normal"]
[Board "49"]
[WhiteElo "1353"]
[BlackElo "924"]
[PlyCount "112"]
[WhiteFideId "24693138"]
[BlackFideId "12952230"]
[EventCountry "GER"]
[EventRounds "11"]
[EventType "swiss"]
[EventDate "2012.05.26"]

1. e4 e5 2. Nf3 Nc6 3. Bb5 Bc5 4. O-O Nf6 5. Re1 a6 6. Ba4 b5 7. Bb3 O-O 8. h3
a5 9. c3 d6 10. d4 exd4 11. cxd4 Bb4 12. Bd2 Bxd2 13. Qxd2 h6 14. Nc3 Ba6 15.
Rac1 Re8 16. Bc2 Re7 17. a4 b4 18. Nd5 Nxd5 19. exd5 Na7 20. b3 Qd7 21. Rxe7
Qxe7 22. Re1 Qd7 23. Re3 Re8 24. Rxe8+ Qxe8 25. Bd3 Bxd3 26. Qxd3 Nc8 27. Qa6
Ne7 28. Qxa5 Qb8 29. Ne1 Qb7 30. Nd3 Nxd5 31. g3 g5 32. Kf1 Kf8 33. Ke2 Ke7 34.
Kd2 Kd7 35. Qb5+ Qxb5 36. axb5 Kc8 37. f4 f6 38. fxg5 fxg5 39. Nf2 Kd7 40. Kd3
Ke6 41. Kc4 Ne3+ 42. Kxb4 Kd5 43. Kc3 Nf5 44. g4 Nxd4 45. Kb4 Ne2 46. Ka5 Nd4
47. b4 Kc4 48. b6 cxb6+ 49. Kxb6 Kxb4 50. Ne4 d5 51. Nf6 Kc4 52. Ng8 Nf3 53.
Nxh6 d4 54. Nf5 d3 55. Kc6 d2 56. Kb6 Kd3 0-1

[Event "DEM U12 2012"]
[Site "Oberhof GER"]
[Date "2012.05.29"]
[Round "5"]
[White "Vogel, Roven"]
[Black "Kitze, Alexander"]
[Result "1/2-1/2"]
[Termination "normal"]
[Board "1"]
[WhiteElo "1944"]
[BlackElo "1811"]
[PlyCount "92"]
[WhiteFideId "12908088"]
[BlackFideId "12914827"]
[EventCountry "GER"]
[EventRounds "11"]
[EventType "swiss"]
[EventDate "2012.05.26"]

1. e4 c5 2. Nf3 d6 3. d4 cxd4 4. Nxd4 Nf6 5. f3 e5 6. Nb3 a5 7. Bb5+ Nc6 8. a4
d5 9. Bg5 Be6 10. exd5 Qxd5 11. Qe2 Be7 12. Nc3 Qd7 13. O-O O-O 14. Rfd1 Qc7
15. Be3 Nb4 16. Qf2 Nbd5 17. Nxd5 Nxd5 18. Bc5 b6 19. c4 bxc5 20. cxd5 Bf5 21.
Rac1 Rac8 22. Qd2 c4 23. Rxc4 Qb6+ 24. Qf2 Qxf2+ 25. Kxf2 Rxc4 26. Bxc4 Bb4 27.
Na1 Rc8 28. b3 Kf8 29. g4 Bg6 30. h4 h6 31. h5 Bh7 32. Ke2 Ke7 33. Rc1 Kd6 34.
Nc2 Bxc2 35. Rxc2 Rc7 36. Kd3 Bc5 37. Ke4 Re7 38. Bb5 Rc7 39. Rg2 Bd4 40. Bc4
f6 41. Kf5 Bc5 42. Re2 Re7 43. Rd2 Bb4 44. Re2 Bc5 45. Ke4 Bb4 46. Kf5 Bc5
1/2-1/2

[Event "DEM U12 2012"]
[Site "Oberhof GER"]
[Date "2012.05.29"]
[Round "5"]
[White "Gungl, Theo"]
[Black "Schröder, Kevin"]
[Result "1-0"]
[Termination "normal"]
[Board "2"]
[WhiteElo "1818"]
[BlackElo "2036"]
[PlyCount "97"]
[WhiteFideId "24695653"]
[BlackFideId "12929840"]
[EventCountry "GER"]
[EventRounds "11"]
[EventType "swiss"]
[EventDate "2012.05.26"]

1. e4 c5 2. Nf3 d6 3. d4 cxd4 4. Nxd4 Nf6 5. f3 e5 6. Nb3 Be6 7. Bg5 Be7 8. Nc3
a6 9. Bd3 O-O 10. Qe2 Nbd7 11. Bc4 b5 12. Bxe6 fxe6 13. Rd1 b4 14. Nb1 Qc7 15.
O-O Rfc8 16. c3 a5 17. Rc1 a4 18. N3d2 d5 19. cxb4 Qxc1 20. Rxc1 Rxc1+ 21. Kf2
Ng4+ 22. fxg4 Bxg5 23. g3 d4 24. Na3 Be3+ 25. Kg2 Rf8 26. Nf3 Nf6 27. Qa6 Re8
28. Qxa4 Rec8 29. Qb3 Re8 30. Nc4 Nxg4 31. Nd6 Re7 32. b5 d3 33. b6 Rc2+ 34.
Kh3 Nf2+ 35. Kh4 g5+ 36. Kh5 d2 37. Nxd2 Rxd2 38. Qxe3 Rxd6 39. Qxf2 Rb7 40. b4
Rdxb6 41. a3 Ra6 42. Qb2 Rb5 43. Qb3 Rd6 44. a4 Rb7 45. b5 Kg7 46. a5 Rd2 47.
h3 g4 48. Qxe6 Rxb5 49. Qh6+ 1-0

[Event "DEM U12 2012"]
[Site "Oberhof GER"]
[Date "2012.05.29"]
[Round "5"]
[White "Schmidek, Emil"]
[Black "Bergauz, Noam"]
[Result "1-0"]
[Termination "normal"]
[Board "3"]
[WhiteElo "1800"]
[BlackElo "1865"]
[PlyCount "31"]
[WhiteFideId "12908150"]
[BlackFideId "12938033"]
[EventCountry "GER"]
[EventRounds "11"]
[EventType "swiss"]
[EventDate "2012.05.26"]

1. e4 c6 2. Nf3 d5 3. Nc3 Bg4 4. h3 Bxf3 5. Qxf3 e6 6. d3 Bb4 7. Bd2 Nd7 8.
exd5 cxd5 9. Qg4 Bf8 10. g3 Ndf6 11. Qa4+ Qd7 12. Nb5 Rc8 13. d4 a6 14. Bf4 Ne4
15. f3 Nd6 16. Bxd6 1-0

[Event "DEM U12 2012"]
[Site "Oberhof GER"]
[Date "2012.05.29"]
[Round "5"]
[White "Lagunow, Raphael"]
[Black "Nguyen, Huy Dat"]
[Result "1/2-1/2"]
[Termination "normal"]
[Board "5"]
[WhiteElo "1860"]
[BlackElo "1764"]
[PlyCount "130"]
[WhiteFideId "24652644"]
[BlackFideId "12923486"]
[EventCountry "GER"]
[EventRounds "11"]
[EventType "swiss"]
[EventDate "2012.05.26"]

1. e4 c5 2. c3 Nf6 3. e5 Nd5 4. Nf3 e6 5. Bc4 Nb6 6. Bb3 d5 7. exd6 Bxd6 8. O-O
O-O 9. d4 c4 10. Bc2 Nd5 11. Nbd2 b5 12. Ne4 Be7 13. Bd2 Bb7 14. b3 cxb3 15.
axb3 Nd7 16. c4 bxc4 17. bxc4 N5f6 18. Nxf6+ Bxf6 19. Bxh7+ Kxh7 20. Qb1+ Kg8
21. Qxb7 Rc8 22. Rxa7 Nb6 23. Ba5 Rb8 24. Qe4 Qc8 25. Bxb6 Rxb6 26. c5 Rb4 27.
Ne5 Qxc5 28. dxc5 Rxe4 29. Nd7 Rc8 30. g3 Bd4 31. Rd1 Bxc5 32. Nxc5 Rxc5 33.
Rd8+ Kh7 34. Rxf7 Rf5 35. Rdf8 Kg6 36. Rxf5 exf5 37. Kf1 Re6 38. Rd8 Kf6 39. h4
g6 40. Kg2 Ra6 41. Rd3 Ra2 42. Rd6+ Kf7 43. Kf3 Ra4 44. Ke3 Re4+ 45. Kd3 Ra4
46. Rd4 Ra3+ 47. Ke2 Ke6 48. Rd3 Ra2+ 49. Ke3 Ra4 50. Rd4 Ra2 51. Rb4 Ra6 52.
Kf4 Kf6 53. f3 Rc6 54. g4 fxg4 55. fxg4 Ra6 56. g5+ Ke6 57. Kg4 Kf7 58. h5
gxh5+ 59. Kxh5 Kg8 60. Rb7 Rc6 61. Ra7 Rb6 62. Ra5 Kg7 63. g6 Rb1 64. Ra7+ Kg8
65. Ra5 Kg7 1/2-1/2

[Event "DEM U12 2012"]
[Site "Oberhof GER"]
[Date "2012.05.29"]
[Round "5"]
[White "Hartmann, Martin"]
[Black "Ovsepyan, Arshak"]
[Result "0-1"]
[Termination "normal"]
[Board "6"]
[WhiteElo "1728"]
[BlackElo "1951"]
[PlyCount "142"]
[WhiteFideId "12911925"]
[BlackFideId "24690236"]
[EventCountry "GER"]
[EventRounds "11"]
[EventType "swiss"]
[EventDate "2012.05.26"]

1. e4 e6 2. d4 d5 3. exd5 exd5 4. Nf3 Nc6 5. Bd3 Bd6 6. O-O Nge7 7. c3 Bg4 8.
h3 Bh5 9. Bg5 f6 10. Bh4 Qd7 11. Re1 O-O-O 12. Nbd2 Rdg8 13. Bg3 g5 14. Bxd6
Qxd6 15. Qe2 Bf7 16. Nh2 h5 17. Nhf1 f5 18. Ng3 Qf6 19. b4 f4 20. b5 fxg3 21.
fxg3 Re8 22. bxc6 Nxc6 23. Qf3 Qxf3 24. Nxf3 Reg8 25. Ne5 Be8 26. Nxc6 Bxc6 27.
Re5 Rh6 28. Rf1 g4 29. h4 Re8 30. Rfe1 Kd8 31. Rxe8+ Bxe8 32. Re5 Bf7 33. Kf2
Rc6 34. Rg5 Rxc3 35. Bg6 Bxg6 36. Rxg6 Rc2+ 37. Kf1 Rxa2 38. Rg5 c6 39. Rxh5 a5
40. Rg5 a4 41. h5 a3 42. Rg8+ Ke7 43. h6 Ra1+ 44. Kf2 a2 45. Ra8 Kd6 46. h7 Rh1
47. Rxa2 Rxh7 48. Ke3 Re7+ 49. Kd3 Re4 50. Ra7 Kc7 51. Ra1 Re7 52. Rf1 Re6 53.
Rf4 Rg6 54. Kc3 b6 55. Kb4 Kd6 56. Kb3 c5 57. dxc5+ Kxc5 58. Kc3 b5 59. Kb3 Rg7
60. Kc3 Rg5 61. Kb3 d4 62. Rf8 Kd5 63. Rb8 Ke4 64. Re8+ Kd3 65. Re6 Kd2 66. Re4
d3 67. Kb2 Kd1 68. Kb1 d2 69. Kb2 Rd5 70. Rxg4 Ke2 71. Re4+ Kf2 0-1

[Event "DEM U12 2012"]
[Site "Oberhof GER"]
[Date "2012.05.29"]
[Round "5"]
[White "Martin, Julian"]
[Black "Höglauer, Patrick"]
[Result "1-0"]
[Termination "normal"]
[Board "7"]
[WhiteElo "1627"]
[BlackElo "1847"]
[PlyCount "97"]
[WhiteFideId "12941000"]
[BlackFideId "1270548"]
[EventCountry "GER"]
[EventRounds "11"]
[EventType "swiss"]
[EventDate "2012.05.26"]

1. e4 c5 2. Nf3 e6 3. d4 cxd4 4. Nxd4 a6 5. c4 Nf6 6. Nc3 Qc7 7. a3 Be7 8. Be3
O-O 9. f3 Nc6 10. Be2 Rd8 11. Rc1 Nxd4 12. Bxd4 Nh5 13. Bf2 Nf4 14. Bf1 Qa5 15.
Qd2 Ng6 16. Be2 Bg5 17. Be3 Bh4+ 18. g3 Bf6 19. O-O d5 20. cxd5 exd5 21. exd5
Bxc3 22. Qxc3 Qxc3 23. Rxc3 Rxd5 24. Rc7 Re5 25. Kf2 b5 26. Bd3 Be6 27. Be4 Rd8
28. Ra7 f5 29. Bc6 Bc4 30. Re1 Ne7 31. Rxa6 b4 32. Rb6 bxa3 33. bxa3 Bd5 34.
Bxd5+ Nxd5 35. Rb2 Rde8 36. Bd2 Rxe1 37. Bxe1 f4 38. a4 Ne3 39. Rd2 Ra8 40. a5
Nc4 41. Rd4 fxg3+ 42. hxg3 Ne5 43. f4 Nc6 44. Rc4 Ra6 45. Rc5 Kf7 46. Ke3 Ke6
47. Rb5 Kd6 48. Rb7 Ne7 49. Bb4+ 1-0

[Event "DEM U12 2012"]
[Site "Oberhof GER"]
[Date "2012.05.29"]
[Round "5"]
[White "Graf, Clara Victoria"]
[Black "Rogozenco, Teodora"]
[Result "1/2-1/2"]
[Termination "normal"]
[Board "8"]
[WhiteElo "1727"]
[BlackElo "1651"]
[PlyCount "55"]
[WhiteFideId "1270339"]
[BlackFideId "12938084"]
[EventCountry "GER"]
[EventRounds "11"]
[EventType "swiss"]
[EventDate "2012.05.26"]

1. e4 d6 2. d4 Nf6 3. Nc3 e5 4. Nf3 Nbd7 5. Bc4 Be7 6. O-O O-O 7. Re1 c6 8. a4
a5 9. h3 h6 10. dxe5 dxe5 11. Be3 Qc7 12. Qe2 Bc5 13. Rad1 b6 14. Rd2 Bxe3 15.
Qxe3 Nc5 16. Red1 Be6 17. Bxe6 Nxe6 18. g3 Kh7 19. Kg2 Rab8 20. b3 Rfe8 21. Nh2
Kh8 22. Ng4 Nxg4 23. hxg4 Rbd8 24. Rxd8 Rxd8 25. Rxd8+ Qxd8 26. f4 exf4 27.
gxf4 Qh4 28. Qf3 1/2-1/2

[Event "DEM U12 2012"]
[Site "Oberhof GER"]
[Date "2012.05.29"]
[Round "5"]
[White "Zienert, Richard"]
[Black "Poghosyan, Tigran"]
[Result "1/2-1/2"]
[Termination "normal"]
[Board "9"]
[WhiteElo "1649"]
[BlackElo "1860"]
[PlyCount "57"]
[WhiteFideId "12945986"]
[BlackFideId "12909319"]
[EventCountry "GER"]
[EventRounds "11"]
[EventType "swiss"]
[EventDate "2012.05.26"]

1. e4 c5 2. Nf3 d6 3. d4 cxd4 4. Nxd4 Nf6 5. Nc3 a6 6. Bg5 Nbd7 7. f4 Qc7 8.
Bd3 e6 9. Qf3 Be7 10. O-O-O O-O 11. g4 b5 12. Nce2 Bb7 13. Bxf6 Nxf6 14. g5 Nd7
15. h4 Rfc8 16. h5 Nc5 17. g6 Bf6 18. gxh7+ Kh8 19. h6 g6 20. Qe3 Nxd3+ 21.
Qxd3 Qc4 22. Qf3 e5 23. fxe5 Bg5+ 24. Kb1 dxe5 25. Qg3 Bf6 26. Qf3 Be7 27. b3
Qc7 28. Qxf7 Ba3 29. Qxg6 1/2-1/2

[Event "DEM U12 2012"]
[Site "Oberhof GER"]
[Date "2012.05.29"]
[Round "5"]
[White "Urban, Konstantin"]
[Black "Gauchel, Lorenz"]
[Result "1-0"]
[Termination "normal"]
[Board "10"]
[WhiteElo "1766"]
[BlackElo "1620"]
[PlyCount "59"]
[WhiteFideId "12927511"]
[BlackFideId "12905283"]
[EventCountry "GER"]
[EventRounds "11"]
[EventType "swiss"]
[EventDate "2012.05.26"]

1. e4 Nf6 2. e5 Nd5 3. d4 d6 4. Nf3 Nc6 5. exd6 exd6 6. Be2 Be7 7. O-O O-O 8.
c4 Nb6 9. b3 Bg4 10. Bb2 Bf6 11. Nbd2 d5 12. Ne5 Bxe2 13. Qxe2 Bxe5 14. dxe5
Re8 15. cxd5 Qxd5 16. f4 f6 17. Nf3 Nd7 18. Rfe1 fxe5 19. fxe5 Re7 20. Rac1 Qa5
21. Qc4+ Kh8 22. e6 Nf8 23. Re2 Rae8 24. Rce1 Nd8 25. Nd4 Qb6 26. Kh1 Nfxe6 27.
Qc3 Rf7 28. Nf5 Qb5 29. Nxg7 Qxe2 30. Nxe6+ 1-0